Statistics for Countries Participating in PACES 2016

Click here to take the quiz!

General Stats

  • This quiz has been taken 15 times
  • The average score is 11 of 16

Answer Stats

Continent Country % Correct
AsiaPakistan
100%
AsiaSaudi Arabia
80%
Asia/EuropeTurkey
80%
AsiaChina
80%
North AmericaUnited States of America
80%
AsiaBangladesh
80%
EuropeUnited Kingdom
80%
OceaniaAustralia
70%
AsiaSrilanka
70%
AsiaNepal
70%
AsiaMalaysia
60%
AsiaMaldives
60%
AsiaJordan
60%
Asia/EuropeKazakhstan
60%
AsiaIndonesia
60%
AsiaBahrain
40%

Score Distribution

Percentile by Number Answered

Percent of People with Each Score

Your Score History

You have not taken this quiz